Which Middle Eastern Country? - Statistics

General Stats
  • This quiz has been taken 25 times
    19 since last reset
  • The average score is 12 of 15
Answer Stats
Question Answer % Correct
Which Middle Eastern Country is in Africa Egypt
100%
Which Middle Eastern Country has the tallest building in the world? United Arab Emirates
100%
Which Middle Eastern Country is an island country in the Mediterranean Sea? Cyprus
95%
Which Middle Eastern Country is not Muslim Majority? Israel
95%
Which Middle Eastern Country is the successor of the Ottoman Empire? Turkey
95%
Which Middle Eastern Country is the poorest? Yemen
95%
Which Middle Eastern Country is the smallest in the Middle East? Bahrain
89%
Which Middle Eastern Country contains the location of Petra? Jordan
89%
Which Middle Eastern Country was invaded by Iraq in 1990? Kuwait
84%
Which Middle Eastern Country produces the most oil? Saudi Arabia
84%
Which Middle Eastern Country has the most Democracy? Israel
79%
Which Middle Eastern Country is the furthest East? Iran
74%
Which Middle Eastern Country is the largest country in the Middle East? Saudi Arabia
63%
Which Middle Eastern Country has the most US Military bases? Kuwait
37%
Which Middle Eastern Country has the largest Kurdish population? Turkey
32%
No matching quizzes found
Score Distribution
Percent of People with Each Score
Percentile by Number Answered
Your Score History
You have not taken this quiz since the last reset